Những cách xử thế trong quản lí trường học

Tác giả đưa ra những tình huống có thực và giả định cùng với những cách giải quyết tốt nhất cho mỗi tình huống. Sách cần thiết cho những cán bộ quản lí nói chung.

محفوظ في:
التفاصيل البيبلوغرافية
المؤلف الرئيسي: Phan Thế Sủng
التنسيق: كتاب
اللغة:Undetermined
منشور في: Hà Nội Văn hóa dân tộc 2000
الموضوعات:
الوسوم: إضافة وسم
لا توجد وسوم, كن أول من يضع وسما على هذه التسجيلة!
Thư viện lưu trữ: Trung tâm Học liệu Trường Đại học Cần Thơ
LEADER 00792nam a2200181Ia 4500
001 CTU_39519
008 210402s9999 xx 000 0 und d
082 |a 371.19 
082 |b S513 
100 |a Phan Thế Sủng 
245 0 |a Những cách xử thế trong quản lí trường học 
245 0 |c Phan Thế Sủng 
260 |a Hà Nội 
260 |b Văn hóa dân tộc 
260 |c 2000 
520 |a Tác giả đưa ra những tình huống có thực và giả định cùng với những cách giải quyết tốt nhất cho mỗi tình huống. Sách cần thiết cho những cán bộ quản lí nói chung. 
650 |a Education,Community schools 
980 |a Trung tâm Học liệu Trường Đại học Cần Thơ